000 00706nam a22002297a 4500
003 UA-OsUOA
001 125740
007 ta
008 20170925b un ||||| |||| 00| 0 ukr d
100 _aТерехова О.
700 _aСало Я.
090 _a330(477)
_bТ35
942 _cSA
040 _aUA-OsUOA
_bukr
_cUA-OsUOA
_dUA-OsUOA
245 _aСередній клас у сучасному соціально-економічному реформуванні в Україні
300 _aС.20-28
955 _a0
041 _aukr
080 _a330(477)
773 0 _w125737
_tУкраїна: аспекти праці
_dК.
_d2017
_g3
650 7 _a330 Економіка взагалі
_2UDC
999 _c412980
_d412980